00721nam a2200169Ia 450000500170000000800410001702000150005808200230007310000120009624500680010826000400017630000230021650001920023994200060043195200990043799900150053620250319025521.0240331s9999 xx 000 0 und d a0415084601 a302.234bKUH23581 aKuhn, A 4aThe Power of the Image:bEssays on Representation and Sexuality aNew York;aLondon,bRoutledgec1985 avi, 146 p., (C II) aIn this challenging collection of essays Annette Kuhn analyses a wide range of films and still photographs, she explores and develops ideas on culturally dominant images and how they work cL 001040708LaWERCLbWERCLcSSCd2024-03-31l0o 302.234 KUHp3581r2024-03-31w2024-03-31yL c1170d1170